| 000 | 00740nmm a2200253 a 4500 | ||
|---|---|---|---|
| 003 | AR-BaBNM | ||
| 005 | 20251128211147.0 | ||
| 008 | 213020s2003 ||||||||||||||000 | spa|| | ||
| 020 | _a950-802-148-9 | ||
| 040 | _cAR-BaBNM | ||
| 100 | 1 | _aVélez Restrepo, Olga Lucía | |
| 245 | 1 | 0 |
_aReconfigurando el trabajo social _bperspectivas y tendencias contemporáneas |
| 260 |
_aBuenos Aires _bEspacio Editorial _c2003 |
||
| 300 | 0 | _a160 p. | |
| 504 | _aBibliografía en p. 154-157 | ||
| 650 | 4 | _aTRABAJO SOCIAL | |
| 650 | 4 | _aINVESTIGACION SOCIAL | |
| 650 | 4 | _aPROBLEMAS SOCIALES | |
| 650 | 4 | _aMETODOLOGIA DE LA INVESTIGACION | |
| 650 | 4 | _aTRABAJADORES SOCIALES | |
| 653 | 0 | _aCAPACITACION LABORAL | |
| 942 | _cBK | ||
| 998 | _cmariana | ||
| 999 |
_c18510 _d18510 |
||